| 000 | 01371cam a2200313Ia 4500 | ||
|---|---|---|---|
| 001 | pastapastapastac00dono | ||
| 003 | CaSfIA | ||
| 005 | 20210118205253.0 | ||
| 007 | cr|||| | ||
| 008 | 040123s1997 nyua 001 0 eng d | ||
| 040 |
_aFZL _cFZL _dNUI _dCaSfIA |
||
| 020 | _a1577150260 | ||
| 020 | _a9781577150268 | ||
| 035 | _a(OCoLC)54074474 | ||
| 090 |
_a641.822 _bPAS |
||
| 090 |
_aTX809.M17 _bP3 1997 |
||
| 245 | 0 | 0 |
_aPasta pasta pasta : _h[electronic resource] _bclassic and innovative, flavorful recipes using this versatile ingredient / _cedited by Jane Donovan. |
| 260 |
_aNew York : _bKnickerbocker Press, _cc1997. |
||
| 300 |
_a192 p. : _bcol. ill. ; _c29 cm. |
||
| 500 | _a"A Quintet book." | ||
| 500 | _aIncludes index. | ||
| 650 | 0 | _aCookery (Pasta) | |
| 700 | 1 |
_aDonovan, Jane. _4edt |
|
| 856 | 4 | 1 |
_uhttp://www.archive.org/details/pastapastapastac00dono _zFree eBook from the Internet Archive |
| 856 | 4 | 2 |
_uhttp://www.openlibrary.org/books/OL24216313M _zAdditional information and access via Open Library |
| 942 | _cEB | ||
| 506 | _fНеобхідна авторизація на https://archive.org/ (створення облікового запису безкоштовно) | ||
| 506 | _fНеобхідна авторизація на https://openlibrary.org/ (створення облікового запису безкоштовно) | ||
| 999 |
_c535108 _d535108 |
||